The basic practice of statistics

Αποθηκεύτηκε σε:
Λεπτομέρειες βιβλιογραφικής εγγραφής
Κύριος συγγραφέας: Moore, David S.
Μορφή: Βιβλίο
Γλώσσα:English
Δημοσίευση: New York : W.H. Freeman, 2000
Έκδοση:2nd ed.
Θέματα:
Ετικέτες: Προσθήκη ετικέτας
Δεν υπάρχουν, Καταχωρήστε ετικέτα πρώτοι!

MARC

LEADER 00000nam a2200000 i 4500
001 1/14528
008 001205s2000 eng d
020 |a 0-7167-3627-6 
035 |l 10065034 
040 |a GR-MY-UA  |b gre  |e aacr 
041 0 |a eng 
082 0 |a 519.5 
100 1 |a Moore, David S. 
245 1 4 |a The basic practice of statistics /  |c David S. Moore 
250 |a 2nd ed. 
260 |a New York :   |b W.H. Freeman,   |c 2000 
300 |a 619 p.  |e 1 cdrom 
650 0 0 |a Statistics. 
852 |a INST  |b RHODES  |e 20001205  |h 519.5 MOO  |p 005400017454  |q 005400017454  |t BK  |y 0 
852 |a INST  |b RHODES  |e 20001205  |h 519.5 MOO   |p 005400017455  |q 005400017455  |t BK  |y 0 
901 |a BIBL4-2000-3 
909 |a Ρ  |b 082372 
909 |a Ρ  |b 078619 
922 |a 4ΕΛΗ  |b 200010  |c ΚΠΣ/Ν 
970 |a ΚΟΥΛΑΚΙΟΤΗ  |b ΛΙΤΣΑ  |z 2000/12/05